Athletes Who Wore #6 - Statistics

General Stats
  • This quiz has been taken 58 times
  • The average score is 7 of 16
Answer Stats
Team Years Player % Correct
Miami Heat 2010-2014 Lebron James
96%
Oklahoma Football 2014-2017 Baker Mayfield
78%
Boston Celtics 1957-1969 Bill Russell
72%
Philadelphia 76ers 1976-1987 Julius Erving
70%
Chicago Bears 2009-2016 Jay Cutler
66%
New York Jets 2009-2012 Mark Sanchez
56%
Alabama Football 2017-2020 DeVonta Smith
42%
Philadelphia Phillies 2005-2016 Ryan Howard
40%
St. Louis Cardinals 1941-1963 Stan Musial
38%
Detroit Tigers 1954-1974 Al Kaline
34%
US National Men's Basketball 1992 Patrick Ewing
34%
Barcelona 2001-2015 Xavi Hernandez
28%
Atlanta Braves 1978-2010 Bobby Cox
24%
New York Knicks 2015-2018 Kristaps Porzingis
22%
Boston Red Sox 1942, 1946-1952 Johnny Pesky
14%
England National Football 1962, 1966, 1970 Bobby Moore
12%
No matching quizzes found
Score Distribution
Percent of People with Each Score
Percentile by Number Answered
Your Score History
You have not taken this quiz